000 00306nam a2200109Ia 4500
008 190914s9999||||xx |||||||||||||| ||und||
100 _aMartin Rodriguez
245 0 _aAccounting for Infrastructure Regulation an Introduction
260 _aWashington
_bThe World Bank
_c1996
300 _a494
942 _cBK
999 _c10095
_d10095